000 00646nam a2200181Ia 4500
008 090123s9999 xx 000 0 und d
082 _b36904
_a921.423/पाडळ
100 _aपाडळकर विजय
245 _aकवडसे पकडणारा कलावंत
250 _a1
260 _bमॅजेस्टिक प्रकाशन
_c2004
300 _a230
600 _aपाडळकर विजय
630 _aकवडसे पकडणारा कलावंत
700 _aपाडळकर विजय
730 _aकवडसे पकडणारा कलावंत
942 _cBOOK
999 _c74972
_d74972